header

Old age from antiquity to post-modernity (Record no. 173119)

MARC details
000 -LEADER
fixed length control field 01272nam a2200337Ia 4500
245 00 - TITLE STATEMENT
Title Old age from antiquity to post-modernity
260 ## - PUBLICATION, DISTRIBUTION, ETC. (IMPRINT)
Place of publication London ;
-- New York :
Name of publisher Routledge/LSE,
Year of publication 1998.
300 ## - PHYSICAL DESCRIPTION
Number of Pages x, 244 p. :
Other physical details ill.
650 #0 - SUBJECT ADDED ENTRY--TOPICAL TERM
Topical Term Old age
Topical Term Old age
Topical Term Older people
700 1# - ADDED ENTRY--PERSONAL NAME
Personal name Johnson, Paul
Personal name Thane, Pat.
856 40 - ELECTRONIC LOCATION AND ACCESS
Uniform Resource Identifier http://site.ebrary.com/lib/rucke/Doc?id=10056211

No items available.

© 2026 Rongo University
Contact us: librarian | system librarian | Rongo university